Susedské spory v obci

Bibliographic Details
Main Author: Spišiaková, Helena (Author)
Format: Book
Language:Slovak
Czech
PhysicalDescription:335 s. 21 cm
Published: Bratislava Wolters Kluwer 2017
ISBN:9788081686610
Edition:1. vyd.
Subjects:

MARC

LEADER 00000cam a2200000 a 4500
001 vtls011700388
003 SK-MaSNL
005 20260426000311.0
008 240313s2017 xo g n 000 0 slo
015 |a SNBA2017/08 
020 |a 9788081686610  |q (brož.) 
035 |a urn:nbn:sk:snk-am00dzlm 
035 |a urn:nbn:sk:snk-am3i9xi 
035 |a 09BABCAF-20EF-4A28-981F-AF917F31C580 
040 |a SNK  |b slo  |c SNK  |e AACR2 
041 0 |a slo  |a cze 
043 |a e-xo--- 
044 |a xo  |c SK 
072 7 |a 347  |x Súkromné právo  |2 konspekt 
080 |a (437.6)  |2 2011 
080 |a (048.8)  |2 2011 
080 |a 342.72/.73  |2 2011 
080 |a 347.23  |2 2011 
080 |a 347.951  |2 2011 
080 |a 347.241  |2 2011 
080 |a 316.472.4  |2 2011 
100 1 |a Spišiaková, Helena  |4 aut  |9 354935 
245 1 0 |a Susedské spory v obci  |c Helena Spišiaková 
250 |a 1. vyd. 
260 |a Bratislava  |b Wolters Kluwer  |c 2017 
300 |a 335 s.  |c 21 cm 
504 |a Bibliografia na strane 334-335 
546 |a Čiastočný text v češtine 
650 0 7 |a susedské právo  |2 SNKPH  |9 423362 
650 0 7 |a susedské vzťahy  |2 SNKPH  |9 423363 
650 0 7 |a občianske právo  |2 SNKPH  |9 981 
650 0 7 |a vlastnícke právo  |2 SNKPH  |9 2249 
650 0 7 |a súdne rozhodnutia a stanoviská  |2 SNKPH  |9 4638 
650 0 7 |a Civil rights  |2 SNKPHeng  |9 265690 
650 0 7 |a Property law  |2 SNKPHeng  |9 331437 
650 0 7 |a Judgments  |2 SNKPHeng  |9 274954 
650 0 7 |a Neighbor's rights  |2 SNKPHeng  |9 423364 
650 0 7 |a Neighbor's relations  |2 SNKPHeng  |9 340766 
651 7 |a Slovensko  |2 SNKPH  |9 14231 
651 7 |a Slovakia  |2 SNKPHeng  |9 92630 
655 7 |a monografie  |2 SNKPH  |9 70139 
655 7 |a Monographs  |2 SNKPHeng  |9 120675 
919 |a 978-80-8168-661-0 
958 |a NB 
999 |c 851839  |d 853769 
952 |a SNK  |b SNK  |y PREZ  |7 0  |p 17A1156841  |o snkSC 175573  |i snk2017/16948  |8 0  |0 0  |1 0  |4 0  |d 2017-07-24  |f 1  |l 0  |r 2025-09-17 00:00:00  |w 2026-02-24 
952 |a SNK  |b SNK  |y VYP  |7 0  |p 17A1156842  |o snkSC 175573 D1  |i snk2017/16949  |8 0  |0 0  |1 0  |4 0  |d 2017-07-24  |l 0  |r 2026-02-24 04:44:39  |w 2026-02-24